Gómez : Tirano de los Andes /
Guardado en:
| Autor Principal: | |
|---|---|
| Formato: | Libro |
| Idioma: | Undetermined |
| Publicado: |
Buenos Aires :
Claridad,
1940.
|
| Materias: | |
| Etiquetas: |
Agregar Etiqueta
Sin Etiquetas, Sea el primero en etiquetar este registro!
|
| LEADER | 00495nam a22001575a 4500 | ||
|---|---|---|---|
| 001 | EHU.bham047413 | ||
| 005 | 20110629135138.0 | ||
| 008 | 110629s1940####ag############000#0#und#d | ||
| 100 | 1 | |a Rourke, Thomas. | |
| 245 | 0 | 0 | |a Gómez : |b Tirano de los Andes / |c Thomas Rourke. |
| 260 | |a Buenos Aires : |b Claridad, |c 1940. | ||
| 300 | |a 235 p. | ||
| 653 | |a Historia latinoamericana | ||
| 653 | |a Trayectoria bolivariana | ||
| 653 | |a Venezuela | ||
| 859 | |a AR-BHAM |b BIB. HUMANIDADES - Donacion Lejarraga |h MFN001632 |p 001632.19 | ||
